00566cam a22002171 4500001001300000003000400013005001700017008004100034010001700075035002000092040001800112042001200130050001600142100004600158245003000204260001100234300002300245500001400268504003100282700003500313sa 68000089 DLC20260227112420.0890612s1967 ii b 000 0 hino  asa 68000089  a(OCoLC)19856315 aDLCcWaUdDLC apremarc00aAC122b.H320 aHariścandra,cBhāratendu,d1850-1885.10aBhāratendu ke nibandha. c[1967] a45, 259 p.c22 cm. aIn Hindi. aBibliographical footnotes.1 aShukla, Kesari Narayan,d1916-